000 00458nam a2200133Ia 4500
008 100328s9999 xx 000 0 und d
082 _b17250
100 _aगिरीश
245 _aसिन्हा सदन की सुंदरी
260 _bपी.पी.बी. जर्नल्स
630 _aसिन्हा सदन की सुंदरी
730 _aसिन्हा सदन की सुंदरी
942 _cBOOK
999 _c511848
_d511845